South Eastern Kenya University

Library Online Public Access Catalogue


Quantitative Techniques (Record no. 3274)

MARC details
000 -LEADER
fixed length control field 00376nam a22001577a 4500
020 ## - ISBN
International Standard Book Number 9781844801114
050 ## - LIBRARY OF CONGRESS CALL NUMBER
Classification Number QA 39.3
Item Number .L83 2002
100 ## - MAIN ENTRY--Author
Personal name Lucey .T
245 ## - TITLE
Title Quantitative Techniques
250 ## - EDITIONSTATEMENT
Edition statement 6th ed.
260 ## - PUBLICATION, DISTRIBUTION, ETC.(IMPRINT)
Place of publication, distribution, etc London:
Name of publisher, distributor, etc Centage Learning,
Date of publication, distribution, etc 2002.
300 ## - PHYSICAL DESCRIPTION
Extent viii,558p.
500 ## - GENERALNOTE
General note Includes index.
650 ## - SUBJECT--TOPIC
Form subdivision mathematics
General subdivision statistics
942 ## - ADDED ENTRY ELEMENTS(KOHA)
Koha item type General circulation
Holdings
Source of classification or shelving scheme Not for loan Location (home branch) Sublocation (holding branch) Date accessioned Cost, normal purchase price Full call number Barcode Copy number Cost, replacement price Koha item type Public note Nonpublic note
Library of Congress Classification   Main Campus Library Main Campus Library 09/09/2014 1000.00 QA 39.3 .L83 2002 008560 C.1 1000.00 General circulation jm  
Library of Congress Classification   Main Campus Library Main Campus Library 11/09/2014 1000.00 QA 39.3 .L83 2002 008602 C.2 1500.00 General circulation BONNIE BONNIE
Kitui, Kenya.
+254736116989
library@seku.ac.ke